Statistics for Daily Country Riddle #119

Click here to take the quiz!

General Stats

  • This quiz has been taken 96 times
  • The average score is 13 of 15

Answer Stats

TypeAnswer% Correct
Found LetterA
98%
Found LetterI
96%
Found LetterN
95%
Found LetterR
95%
Found LetterE
93%
Found LetterM
91%
Correctly Placed LetterA
90%
Correctly Placed LetterI
90%
Found LetterA
89%
Correctly Placed LetterE
85%
Correctly Placed LetterM
85%
Correctly Placed LetterN
85%
Correctly Placed LetterR
83%
Correctly Placed LetterA
82%
Mystery CountryArmenia
79%

Score Distribution

Percentile by Number Answered

Percent of People with Each Score

Your Score History

You have not taken this quiz